Heart 2 Heart: (Record no. 165067)

MARC details
000 -LEADER
fixed length control field 00579nam a22001817a 4500
005 - DATE AND TIME OF LATEST TRANSACTION
control field 20190606103524.0
010 ## - LCCN (DPL NO)
LC control number ENG-125481
020 ## - INTERNATIONAL STANDARD BOOK NUMBER
International Standard Book Number 9788194004219
Terms of availability 120.00
035 ## - SYSTEM CONTROL NUMBER
System control number EN-109013
037 ## - SOURCE OF ACQUISITION
Source of stock number/acquisition DBAD/PUB
082 ## - DEWEY DECIMAL CLASSIFICATION NUMBER
Classification number 881
100 ## - MAIN ENTRY--PERSONAL NAME
Personal name Thanesh, Anitha
245 ## - TITLE STATEMENT
Title Heart 2 Heart:
Statement of responsibility, etc by Anitha Thanesh
Remainder of title with the man of my dreams/
260 ## - PUBLICATION, DISTRIBUTION, ETC. (IMPRINT)
Place of publication, distribution, etc Chennai
Name of publisher, distributor, etc Emerald Publishers
Date of publication, distribution, etc 2019
270 ## - ADDRESS
Address 15A, First Floor, Casa Manoj Road Egmore,
City Chennai
Postal code 600008
Electronic mail address info@emeraldpublishers.com
300 ## - PHYSICAL DESCRIPTION
Extent 103p.
Dimensions 19cm(pbk)
Other physical details ill.
942 ## - ADDED ENTRY ELEMENTS (KOHA)
Source of classification or shelving scheme Dewey Decimal Classification
Item type English Books
Classification part 881
Call number suffix THA
Holdings
Withdrawn status Lost status Not for loan Collection code Home library Current library Date acquired Source of acquisition Cost, normal purchase price Full call number Barcode Copy number Cost, replacement price Koha item type
      Non-fiction Andrews Gunj Andrews Gunj 06/06/2019 DBAD/PUB 120.00 881 THA EN-109013 1 120.00 English Books

© Delhi Public Library
Hit Counter
free hit counter